<The> Economics and politics of transition to an open market economy Colombia

Na minha lista:
Detalhes bibliográficos
Autor principal: Edwards, Sebastian
Autor Corporativo: OECD. Development Centre
Formato: Livro
Idioma:inglês
Publicado em: Paris OECD 2001
Colecção:International development
Development Centre studies
Assuntos:
Tags: Adicionar Tag
Sem tags, seja o primeiro a adicionar uma tag!

MARC

LEADER 00000nam a2200000 4500
001 c128859
005 20221221091448.2
020 |a 92-64-19523-8 
041 0 |a eng 
044 |a FR 
245 1 0 |a <The> Economics and politics of transition to an open market economy  |b Colombia  |c by Sebastian Edwards 
264 1 |a Paris  |b OECD  |c 2001 
300 |a 98 s. 
490 1 |a International development 
830 0 |a International development 
490 1 |a Development Centre studies 
830 0 |a Development Centre studies 
610 2 0 |a politika hospodárska 
610 2 0 |a hospodárstvo trhové 
610 2 0 |a hospodárstvo otvorené 
610 2 0 |a reformy 
610 2 0 |a politika 
610 2 0 |a ukazovatele 
610 2 0 |a porovnanie medzinárodné 
610 2 0 |a svet 
610 2 0 |a Kolumbia 
610 2 0 |a OECD 
100 1 |a Edwards, Sebastian 
710 2 |a OECD. Development Centre